000 00196 a2200097 4500
001 11868
100 _aSautay
245 _aThe civil se
260 _a
_bOxford University
_c
090 _c9123
_d9123
942 _aNUST-CAE
_cM
_c35960
999 _c246941
_d246941